00533 2200205 4500001002100000005001500021035002500036008004100061245005400102100001500156250000600171260000900177300004500186020001600231082000800247084001000255650002600265990001800291990001800309INLIS00000000000309720231215090207 a0010-121900000003097231215 | ind 1 aSeri IPS (Geografi) Cuaca dan Iklim /cSulistiani0 aSulistiani a1 c2007 a70 hlm. HIBAH 2017 ;c70 hlm. HIBAH 2017 a979517554-8 a500 a551,6 4aCuaca dan Iklim 551.6 aB201801247891 aB201801247890